jets 2025 roster - Statistics

General Stats
  • This quiz has been taken 12 times
  • The average score is 6 of 29
Answer Stats
questions Answer % Correct
WR Garrett wilson
100%
QB justin fields
73%
WR Allen lazard
45%
CB sauce gardner
45%
RB breece hall
27%
EDGE jermaine johnson
27%
K nick folk
27%
S andre Cisco
18%
RT armand membou
18%
CB Brandon stephens
18%
TE jeremy ruckert
18%
LG john simpson
18%
WR josh reynolds
18%
LB Quincy williams
18%
DL quinnen williams
18%
FB Andrew beck
9%
RG Joe tippmann
9%
C josh myers
9%
LT olu fashanu
9%
LS thomas hennessy
9%
S tony adams
9%
EDGE will mcdonald IV
9%
P Austin mcNamara
0%
H Austin mcNamara
0%
DL harrison phillips
0%
PR isaiah williams
0%
KR kene Nwangwu
0%
LB marcelino mcCrary-ball
0%
NB Micheal Carter II
0%
No matching quizzes found
Score Distribution
Percent of People with Each Score
Percentile by Number Answered
Your Score History
You have not taken this quiz